Marthe et Marie (Record no. 152545)

MARC details
000 -LEADER
campo de control de longitud fija 01034nam a22002415i 4500
001 - NÚMERO DE CONTROL
campo de control 152545
003 - IDENTIFICADOR DE NÚMERO DE CONTROL
campo de control ES-MaACL
005 - FECHA Y HORA DE LA ÚLTIMA TRANSACCIÓN
campo de control 20251005063119.0
008 - DATOS DE LONGITUD FIJA--INFORMACIÓN GENERAL
campo de control de longitud fija 051017s1851 fr | |||||||| ||fre d
040 ## - FUENTE DE CATALOGACIÓN
Centro catalogador/agencia de origen CAM
Lengua de catalogación spa
Centro/agencia transcriptor CAM
080 ## - NÚMERO DE LA CLASIFICACIÓN DECIMAL UNIVERSAL
Número de la Clasificación Decimal Universal 821.133.1-22"18"
100 1# - ENTRADA PRINCIPAL--NOMBRE DE PERSONA
Nombre de persona Anicet Bourgeois, Auguste,
Fechas asociadas al nombre 1806-1871
9 (RLIN) 30979
245 10 - MENCIÓN DEL TÍTULO
Título Marthe et Marie
Resto del título : drame en 6 actes /
Mención de responsabilidad, etc. par Anicet-Bourgeois et Michel Masson.
260 ## - PUBLICACIÓN, DISTRIBUCIÓN, ETC.
Lugar de publicación, distribución, etc. Paris :
Nombre del editor, distribuidor, etc. Michel Lévy frères libraires éditeurs,
Fecha de publicación, distribución, etc. 1851 (
Fabricante Typ. de Mme. Ve. Dondey-Dupré)
300 ## - DESCRIPCIÓN FÍSICA
Extensión 104 p. ;
Dimensiones 19 cm.
490 1# - MENCIÓN DE SERIE
Mención de serie Bibliotheque dramatique. Théatre moderne
500 ## - NOTA GENERAL
Nota general Représenté pur la première fois a Paris, sur le Théatre de l'Abigu-Comique, le 4 octubre 1851.
594 ## - Nota al título y mención de responsabilidad
Nota al título y mención de responsabilidad Todos los datos tomados de la cub. original.
700 1# - ENTRADA AGREGADA--NOMBRE PERSONAL
Nombre de persona Masson, Michel.
9 (RLIN) 78846
830 0# - PUNTO DE ACCESO ADICIONAL DE SERIE-TÍTULO UNIFORME
Título uniforme Bibliotheque dramatique. Théatre moderne
9 (RLIN) 182423
852 ## - LOCALIZACIÓN
Ubicación ES-MaACL
Número de control de estantería T-733-F-2
Nota libre -- Enc. hol. conservando la cub. original
-- -- Enc. en un vol. facticio
Holdings
Estatus retirado Estado de pérdida Estado de daño No para préstamo Colección Biblioteca de origen Biblioteca actual Ubicación en estantería Fecha de adquisición Total de préstamos Signatura topográfica completa Código de barras Visto por última vez Precio de reemplazo Tipo de ítem Koha
        Colección de folletos Biblioteca del Ateneo de Madrid Biblioteca del Ateneo de Madrid Depósito folletos 17/01/2008   T-733-F-2 1159291 23/02/2023 23/02/2023 Folleto